000 00770nam a22002537a 4500
001 BR8704120
003 BR-BrBNA
005 20230928092651.0
007 ta
008 230509b bl.||||| |||| 00| 0 por d
040 _aBR-BrBNA
_bpor
_cBiblioteca Nacional de Agricultura
041 _a(Por)
072 _aE14
_b/G514
090 _ E14 BR8704120
110 1 _aAssociacao de Assistencia Tecnica e Extensao Rural do Territorio Federal de Roraima, Boa Vista (Brasil)
245 1 _aDistrito agropecuario de Roraima: informacoes basicas
260 3 _aBoa Vista, RR (Brasil):
_c[nd].
300 _a14 p.
500 _aPublished after 1977; 9 illus.
650 _aDESENVOLVIMENTO RURAL
650 _aRORAIMA
909 _a202309
_bLucia
_c55
_dLucia Elande
942 _cBK
999 _c40487
_d40487